Mushrooms of Mizoram/ (Record no. 210195)

MARC details
000 -LEADER
fixed length control field 00671nam a22002057a 4500
010 ## - LCCN (DPL NO)
LC control number ENG-144064
020 ## - INTERNATIONAL STANDARD BOOK NUMBER
Terms of availability 700.00
International Standard Book Number 9788195442010
035 ## - SYSTEM CONTROL NUMBER
System control number EN-127596
037 ## - SOURCE OF ACQUISITION
Source of stock number/acquisition DBAD
082 ## - DEWEY DECIMAL CLASSIFICATION NUMBER
Classification number 635.8
100 ## - MAIN ENTRY--PERSONAL NAME
Personal name Rajesh Kumar
245 ## - TITLE STATEMENT
Title Mushrooms of Mizoram/
Statement of responsibility, etc by Rajesh Kumar...[et.al]
260 ## - PUBLICATION, DISTRIBUTION, ETC. (IMPRINT)
Place of publication, distribution, etc Assam
Name of publisher, distributor, etc Rain Forest research Institute
Date of publication, distribution, etc 2021
270 ## - ADDRESS
Address Indian Council of Forestry research and Education jorhat,
City Assam
Postal code 785010
300 ## - PHYSICAL DESCRIPTION
Extent 223p.:
Dimensions 21cm(pb)
700 ## - ADDED ENTRY--PERSONAL NAME
Personal name Jayaraj, R.S.C
Relator term Author
9 (RLIN) 79459
700 ## - ADDED ENTRY--PERSONAL NAME
Personal name Sharma, Hansraj
Relator term Author
9 (RLIN) 79460
700 ## - ADDED ENTRY--PERSONAL NAME
Personal name Tadav, Sandeep
Relator term Author
9 (RLIN) 79461
942 ## - ADDED ENTRY ELEMENTS (KOHA)
Source of classification or shelving scheme Dewey Decimal Classification
Item type English Books
Call number suffix RAJ
Classification part 635.8
Holdings
Withdrawn status Lost status Not for loan Collection code Home library Current library Date acquired Source of acquisition Cost, normal purchase price Full call number Barcode Copy number Cost, replacement price Koha item type
      Non-fiction Central Library Central Library 10/03/2025 Delivery of Books Act Division 700.00 RAJ 635.8 EN-127596 1 700.00 English Books

© Delhi Public Library
Hit Counter
free hit counter